| 000 | 00410 a2200157 4500 | ||
|---|---|---|---|
| 003 | OSt | ||
| 005 | 20240111125603.0 | ||
| 008 | 240111b |||||||| |||| 00| 0 eng d | ||
| 020 | _a978938251574 | ||
| 040 | _coclc | ||
| 082 |
_a297 _bSOL/M |
||
| 245 | _aMakkayude Sreshtatha / | ||
| 260 |
_aKerala: _bDa'wa books, _c2015. |
||
| 300 | _a121p | ||
| 942 |
_2ddc _cBK _h297 _iSOL/M _k297 _mSOL/M |
||
| 999 |
_c43136 _d43136 |
||